| 000 | 00883nam a22002177a 4500 | ||
|---|---|---|---|
| 003 | UA-OsUOA | ||
| 001 | 68127 | ||
| 007 | ta | ||
| 008 | 20100407b un ||||| |||| 00| 0 ukr d | ||
| 100 | _aКлюбанова А.В. | ||
| 090 |
_a32 _bК52 |
||
| 942 | _cSA | ||
| 040 |
_aUA-OsUOA _brus _cUA-OsUOA _dUA-OsUOA |
||
| 245 | _aпроблемы статуса новых ядерных держав в рамках "Договора о нераспостранении ядерного оружия" | ||
| 300 | _aС.169-176 | ||
| 955 | _a0 | ||
| 041 | _arus | ||
| 080 | _a32 | ||
| 773 | 0 |
_w68124 _tВестник Санкт-Петербургского университета. Серия 6. Философия. Культурология. Политология. Право. Международные отношения _dСПб _d2009 _g4 |
|
| 650 | 7 |
_a32 Політика _2UDC |
|
| 999 |
_c354266 _d354266 |
||